| 000 | 00505nam a22001697a 4500 | ||
|---|---|---|---|
| 005 | 20240925141457.0 | ||
| 008 | 240925b |||||||| |||| 00| 0 eng d | ||
| 020 | _a0409006033 | ||
| 041 | _aEnglish | ||
| 082 | _a348 SOU | ||
| 100 | _lEnglish | ||
| 245 | _aThe South African Encyclopaedia of Forms and Precedents | ||
| 260 |
_aDurban: _bButterworth and Company Ltd, _c1984 |
||
| 300 |
_bxlviii, 379 pages; _c26 cm. |
||
| 650 |
_aLegal practice _bLaw |
||
| 942 |
_cBK _6ALISON_BN_VRIES |
||
| 999 |
_c3137 _d3137 |
||